Statistics for Every NBA teams oldest living HC

Click here to take the quiz!

General Stats

  • This quiz has been taken 7 times
  • The average score is 6 of 30

Answer Stats

TeamAgeHC% Correct
BOS88Bill Russell
100%
DAL90Dick Motta
50%
WAS90Dick Motta
50%
DEN90Dick Motta
50%
LAL84Jerry West
50%
TOR84Lenny Wilkens
50%
GSW85Al Attles
33%
UTA90Frank Layden
33%
NYK88Hubie Brown
33%
CHA81Larry Brown
33%
IND81Larry Brown
33%
NOP78Paul Silas
33%
PHO82Jerry Colangelo
17%
MIA82Kevin Loughery
17%
MEM75Mike Fratello
17%
MIN80Bill Blair
0%
CLE94Bob Kloppenburg
0%
OKL88Bucky Buckwalter
0%
DET96Charles Wolf
0%
SAC96Charles Wolf
0%
SAS90Cliff Hagan
0%
MIL85Del Harris
0%
HOU85Del Harris
0%
PHI83Doug Moe
0%
CHI91Ed Badger
0%
BKN97Lou Carnesecca
0%
ORL84Richie Adubato
0%
ATL90Richie Guerin
0%
POR87Rolland Todd
0%
LAC85Tates Locke
0%

Score Distribution

Percentile by Number Answered

Percent of People with Each Score

Your Score History

You have not taken this quiz